MARC

LEADER 00000nam0a2200000 4500
001 92624
005 20231031104749.0
035 |a (RuTPU)RU\TPU\book\99229 
090 |a 92624 
100 |a 20060316d1985 k y0rusy50 ca 
101 1 |a rus  |c eng 
102 |a RU 
105 |a a z 001zy 
200 1 |a Обработка поверхности и надежность материалов  |e пер. с англ.  |f П. Парриш [и др.]  |g под ред. Дж. Бурке, Ф. Вайса 
210 |a Москва  |c Мир  |d 1985 
215 |a 189 с.  |c ил. 
300 |a Доп. тит. лист 
320 |a Библиогр.: с. 180-182 
320 |a Предметный указатель: с. 183-188. 
610 1 |a материалы 
610 1 |a обработка 
610 1 |a поверхности 
610 1 |a надежность 
610 1 |a коррозия 
610 1 |a защита от коррозии 
675 |a 621.7/.9  |v 3 
701 1 |a Парриш  |b П. 
701 1 |a Херглотц  |b Х. 
701 1 |a Хадсон  |b Дж. 
701 1 |a Фоукс  |b Ф. 
701 1 |a Лью  |b Г. 
701 1 |a Фикалора  |b П. 
701 1 |a Крюгер  |b Д. 
701 1 |a Петтит  |b Ф. 
701 1 |a Велонский  |b Р. 
701 1 |a Бил  |b Х. 
701 1 |a Ахмад  |b И. 
701 1 |a Хетч  |b Л. 
701 1 |a Рат  |b Б. 
701 1 |a Дюкет  |b Д. 
701 1 |a Мехольский  |b Дж. 
701 1 |a Бехер  |b П. 
701 1 |a Фрайман  |b С. 
702 1 |a Бурке  |b Дж.  |4 340 
702 1 |a Вайс  |b Ф.  |4 340 
801 1 |a RU  |b 63413507  |c 20060316  |g PSBO 
801 2 |a RU  |b 63413507  |c 20180703  |g PSBO 
942 |c BK